01121nam a22002417a 4500999001700000003000900017008004100026040007100067082002400138245010900162260003000271300004500301440005500346505021200401650003300613650002600646650003100672650002100703700003500724942001200759945000800771952010000779  c22364d22364AR-CdUCM190425b           ||||| |||| 00| 0 spa d  aMUNICIPALIDAD PROVINCIAL DEL CUSCOcBIBLIOTECA MUNICIPAL DEL CUSCO  aOropesa/N°115/2021  aOropesa :brevista de cultura y educación de opinión y crítica /cAmérico Valer Vargas, Director  aCusco.bPantigozo,c2021.  a18 páginas. :bilustraciones ;c30 cm.  aOropesa.nAño XXIX, N°115, febrero 2021.947938  aContenido: Machismo y feminismo en el Perú urbano del 2019. -- Historia de un maestro Javier Neves Mujica. -- 26 de enero día mundial de la educación ambiental. -- Difusión del quechua cusqueño ...  aPolítica cusqueña947381  aCultura andina947570  aSociedad cusqueña947493  aSiglo XXI947937  aValer Vargas, Américo947562  2ddccPP  arac  002ddc4070aHEMbHEMcCARTd2022-04-22g2.00oOropesa/N°115/2021pREVC000560r2022-04-22yPP